Premier League Teams: 60 Second Run - Statistics

General Stats
  • This quiz has been taken 112 times
  • The average score is 11 of 20
Answer Stats
Premier League Clubs % Correct
Manchester City
98%
Manchester United
98%
Arsenal
96%
Chelsea
87%
Liverpool
80%
Tottenham Hotspur
80%
Brighton & Hove Albion
59%
Everton
59%
Wolverhampton Wanderers
59%
West Ham
53%
Aston Villa
48%
Leicester City
47%
Newcastle United
47%
Crystal Palace
43%
Southampton
40%
Brentford
39%
Norwich City
33%
Burnley
29%
Watford
28%
Leeds United
27%
No matching quizzes found
Score Distribution
Percent of People with Each Score
Percentile by Number Answered
Your Score History
You have not taken this quiz